000 00331nam a2200133Ia 4500
008 240624s9999 xx 000 0 und d
041 _aeng
082 _a330.9 DUC
100 _aDRUCKER PETER F
245 _aNEW REALITIES
260 _c2003
_aOxford
_bButterworth Heinemann
300 _aix, : 262 : p. : cm. ; 22
365 _cRS
_b35
999 _c7918
_d7918